000 00301nam a22001337a 4500
008 180201b xxu||||| |||| 00| 0 eng d
020 _a9780739809884
041 _aeng
080 _a37
100 _a48
101 _aedu
245 _aconection basic skills in readfing
_cjin.b
942 _2udc
_cBK
999 _c41561
_d41561